|
|
|
|
| LEADER |
00000nam0a2200000 4500 |
| 001 |
356042 |
| 005 |
20231102010845.0 |
| 035 |
|
|
|a (RuTPU)RU\TPU\retro\13302
|
| 090 |
|
|
|a 356042
|
| 100 |
|
|
|a 20200715d1973 km y0rusy50 ca
|
| 101 |
0 |
|
|a rus
|
| 102 |
|
|
|a RU
|
| 105 |
|
|
|a a z 001zy
|
| 200 |
1 |
|
|a Червячные передачи приборов точной механики
|f Э. К. Шкунаев
|
| 210 |
|
|
|a Москва
|c Машиностроение
|d 1973
|
| 215 |
|
|
|a 118 с.
|c ил.
|
| 225 |
1 |
|
|a Библиотека приборостроителя
|
| 320 |
|
|
|a Библиогр.: с. 116-117
|
| 606 |
1 |
|
|a Приборы
|x Детали
|x Соединения
|2 stltpush
|3 (RuTPU)RU\TPU\subj\51609
|9 70182
|
| 610 |
1 |
|
|a червячные передачи
|
| 610 |
1 |
|
|a точные приборы
|
| 610 |
1 |
|
|a точная механика
|
| 610 |
1 |
|
|a червячные зацепления
|
| 610 |
1 |
|
|a расчеты
|
| 610 |
1 |
|
|a тепловой расчет
|
| 610 |
1 |
|
|a материалы
|
| 610 |
1 |
|
|a допуски
|
| 610 |
1 |
|
|a червячные редукторы
|
| 610 |
1 |
|
|a проектирование
|
| 675 |
|
|
|a 681.2-2
|v 4
|
| 700 |
|
1 |
|a Шкунаев
|b Э. К.
|
| 801 |
|
1 |
|a RU
|b 63413507
|c 20200715
|
| 801 |
|
2 |
|a RU
|b 63413507
|c 20210408
|g RCR
|
| 942 |
|
|
|c BK
|